000 00349nam a22001337a 4500
020 _a9789350300206
082 _a551.523
_bMIT/EN
100 _aMittal, Vijay
_9606
245 _aEncyclopaedia of Cimate Change and Global Warming, Vol -4
260 _aJaipur
_bOxford Book Company
_c2012
300 _a278
700 _aVijay Mittal
_9607
942 _cBK
999 _c14055
_d14055